000 00319nam a22001217a 4500
999 _c10307
_d10307
003 OSt
008 201203b ||||| |||| 00| 0 eng d
245 _aIEE Manufacturing Engineer
250 _a2005(Feb Vol.84 No.1, May Vol.84 No.2)
260 _bIEE Manufacturing
650 _aMechanical Engineering
942 _2ddc
_cBV